000
00289nam a2200109 4500
999
_c
516073
_d
516073
082
_a
TNC H5X54 T952
100
_a
Tyagi, B.S.
_9
22414
245
_a
Judicial activism in India
260
_a
New Delhi
_b
Srishti
_c
2000
300
_a
206p.
650
_a
Judicial process - India, judges
_9
22415